000 00822nam a2200253Ia 4500
003 OSt
005 20220925210816.0
006 a|||||r|||| 00| 0
007 ta
008 220923b |||||||| |||| 00| 0 eng d
020 _a8179101703
_c650.00
037 _b470, 21/11/2006, Bright Book Service
_cGeneral Book
040 _aRTL
_cRTL
_beng
041 _2eng
_aeng
082 _aY:3(D6,9(B),2771, P6
100 _aParasar Anuradha
_9273177
245 0 _aImpact of internet on society
260 _aJaipur
_bAavishkar Pub. Distributors
_c2006
300 _aviii, 264p
_ccm.
500 _aBibliography: P 222-240; Glossary: P 241-264
650 _aSociology
942 _hY:3(D6,9(B),2771, P6
_cGB
_2CC
999 _c556017
_d556017